Channel estimation and equalization of ADSL Modem / (Record no. 182761)

000 -LEADER
fixed length control field 00774 a2200193 4500
003 - CONTROL NUMBER IDENTIFIER
control field NUST
005 - DATE AND TIME OF LATEST TRANSACTION
control field 20251112133717.0
040 ## - CATALOGING SOURCE
Transcribing agency Nust
082 ## - DEWEY DECIMAL CLASSIFICATION NUMBER
Classification number 621.382,QAI
100 ## - MAIN ENTRY--PERSONAL NAME
Personal name Qaisar , Bin Saad (TCC-11)
9 (RLIN) 131832
245 ## - TITLE STATEMENT
Title Channel estimation and equalization of ADSL Modem /
Statement of responsibility, etc. Saad Bin Qaisar, Taimoor Javaid, Bilal Mumtaz and Usman Sharif.
260 ## - PUBLICATION, DISTRIBUTION, ETC.
Place of publication, distribution, etc. Rawalpindi
Name of publisher, distributor, etc. MCS (NUST)
Date of publication, distribution, etc. 2003
300 ## - PHYSICAL DESCRIPTION
Extent 94 p.;
505 ## - FORMATTED CONTENTS NOTE
Formatted contents note Introduction (Page-1), Background (Page-6), ADSL Modem: Transmitter Design and Crosstalk Models (Page-34), Channel Estimation (Page-51), Equalization (Page-62), Results (Page-80), Conclusion (Page-92).
650 ## - SUBJECT ADDED ENTRY--TOPICAL TERM
Topical term or geographic name entry element UG Projects
9 (RLIN) 98716
651 ## - SUBJECT ADDED ENTRY--GEOGRAPHIC NAME
Geographic name TCC-11
9 (RLIN) 131828
700 ## - ADDED ENTRY--PERSONAL NAME
Personal name Supervised by Dr. M. Noman Jaffery
9 (RLIN) 131833
942 ## - ADDED ENTRY ELEMENTS (KOHA)
Koha item type Project Report
Source of classification or shelving scheme
Holdings
Withdrawn status Lost status Source of classification or shelving scheme Damaged status Not for loan Permanent Location Current Location Shelving location Date acquired Full call number Barcode Date last seen Price effective from Koha item type Public note
          Military College of Signals (MCS) Military College of Signals (MCS) Reference 12/12/2016 621.382,QAI MCSPTC-44 12/08/2016 12/12/2016 Project Report Almirah No. 94, Shelf No. 1
© 2023 Central Library, National University of Sciences and Technology. All Rights Reserved.